000 00829nam a2200241Ia 4500
003 OSt
005 20220923220738.0
006 a|||||r|||| 00| 0
007 ta
008 220922b |||||||| |||| 00| 0 hin d
024 _a189,885
037 _cTextual
040 _aARTS
_cARTS
_bhin
041 _2hin
_ahin
082 _aO152,2N443x(S:521), N9
100 _aअग्रवाल, गिरिराजशरण
_9156285
245 0 _aबच्चो के हास्य नाटक
246 _aBachcho ke hāsya nāṭaka
260 _aबिजनौर
_b हिन्दी साहित्य निकेतन
_c1999
300 _a140पृ.
_ccm.
942 _hO152,2N443x(S:521), N9
_cTEXL
_2CC
999 _c342712
_d342712